000 00588nam a2200229Ia 4500
003 OSt
005 20220918204931.0
006 a|||||r|||| 00| 0
007 ta
008 220917b |||||||| |||| 00| 0 eng d
024 _a114,812
037 _cTextual
040 _aARTS
_cARTS
_beng
041 _2eng
_aeng
082 _aV595:4:N3, H4
100 _aWieznski Kazimierz
_9113686
245 0 _aForgotten battle field tr by Edmund Ordon
260 _c1944
650 _aHISTORY
942 _hV595:4:N3, H4
_cTEXL
_2CC
999 _c238142
_d238142